000 01893nam0a2200397 4500
001 RU\NLR\bibl\1077073
005 20250615045130.0
010 _a5-98905-008-9
_9120
021 _aRU
_b2007-17060
_9909
035 _a(nilc)RSL-KNO-003085190
035 _a(NLR Aleph) 001064267
090 _a958158
_c958158
100 _a20070321d2006 |||y0rusy50 ca
101 0 _arus
102 _aRU
105 _aa |||||||||
200 1 _aАналитические методы расчета тепловых режимов и характеристик собственного теплового излучения объектов в околоземном космическом пространстве
_fА. А. Каменев, Е. В. Лаповок, С. И. Ханков
210 _aСанкт-Петербург
_c[б.и.]
_d2006
215 _a186 с.
_cил.
_d20
320 _aБиблиогр.: с. 185-186 (10 назв.)
606 1 _aКосмические летательные аппараты
_xТеплопередача излучением
_91438786
_3RU\NLR\auth\66608613
610 0 _aФизико-математические науки -- Астрономия -- Радиоастрономия -- Собственное радиоизлучение и радиоизображение небесных объектов
610 0 _aкосмические объекты
610 0 _aтепловое излучение
610 0 _aинфракрасное излучение
686 _aВ642,0
_2rubbk
686 _aО62-011.9
700 1 _aКаменев
_bА. А.
_4070
701 1 _aЛаповок
_bЕ. В.
_4070
701 1 _aХанков
_bС. И.
_gСергей Иванович
_4070
801 0 _aRU
_bРКП
_c20070321
_grcr
801 1 _aRU
_bРГБ
_c20070321
801 2 _aRU
_bNLR
_c20070425
_grcr
942 _cBOOK
980 _aNB